| 000 | 00973nam a2200253 a 4500 | ||
|---|---|---|---|
| 001 | BRCA_1252 | ||
| 005 | 20190320203341.0 | ||
| 008 | 930408s1989 mx-a---##b---#000-0dspa-u | ||
| 040 |
_aDLC _cDLC _dDLC |
||
| 050 | 4 |
_aND1432 _b.A76 1989 |
|
| 100 | 1 |
_aArmella de Aspe, Virginia _92324 |
|
| 245 | 1 | 0 |
_aTesoros de la Pinacoteca Virreinal _cVirginia Armella de Aspe, Mercedes Meade de Angulo. |
| 260 |
_aMéxico _bMercantil de México _c1989 |
||
| 300 |
_a214 p. _bil. _c30 cm. |
||
| 504 | _aBibliografía: p. 193-194 | ||
| 610 | 2 | 4 |
_aPinacoteca Virreinal de San Diego (México (Ciudad), México) _94124 |
| 650 | 1 | 4 |
_aPintura mexicana _vCatálogos _93411 |
| 650 | 1 | 4 |
_aPintura colonial _vCatálogos _zMéxico _93412 |
| 650 | 1 | 4 |
_aArte cristiano y simbolismo _vCatálogos _zMéxico _9380 |
| 650 | 1 | 4 |
_aPintura española _vCatálogos _93731 |
| 700 | 1 |
_aMeade de Angulo, Mercedes _9281 |
|
| 710 | 2 |
_aPinacoteca Vireinal de San Diego (México (Ciudad), México) _94125 |
|
| 942 |
_2lcc _cB |
||
| 999 |
_c1122 _d1122 |
||